The female Quixote, or, The adventures of Arabella / (Record no. 55003)
[ view plain ]
| 000 -LEADER | |
|---|---|
| fixed length control field | 00808nam a2200229 a 4500 |
| 001 - CONTROL NUMBER | |
| control field | 55003 |
| 003 - CONTROL NUMBER IDENTIFIER | |
| rucl marc code | BD-RjUL |
| 005 - DATE AND TIME OF LATEST TRANSACTION | |
| control field | 20211209080212.0 |
| 008 - FIXED-LENGTH DATA ELEMENTS--GENERAL INFORMATION | |
| fixed length control field | 161113s1970 enka 000 1 eng |
| 035 ## - SYSTEM CONTROL NUMBER | |
| System control number | (BD-RjUL) 55125 |
| 040 ## - CATALOGING SOURCE | |
| Original cataloging agency | DLC |
| Transcribing agency | DLC |
| Modifying agency | BD-RjUL |
| Language of cataloging | eng |
| 041 ## - LANGUAGE CODE | |
| Language code of text/sound track or separate title | eng |
| 082 00 - DEWEY DECIMAL CLASSIFICATION NUMBER | |
| Classification number | 823.0942 |
| Edition number | 23 |
| Author mark and year | LEF 1970 |
| 100 1# - MAIN ENTRY--PERSONAL NAME | |
| Personal name | Lennox, Charlotte, |
| Dates associated with a name | approximately 1729-1804. |
| 9 (RLIN) | 163995 |
| 245 14 - TITLE STATEMENT | |
| Title | The female Quixote, or, The adventures of Arabella / |
| Statement of responsibility, etc. | Charlotte Lennox edited by Margaret Dalziel; appendix by Duncan Isles. |
| 260 ## - PUBLICATION, DISTRIBUTION, ETC. (IMPRINT) | |
| Place of publication, distribution, etc. | New York : |
| Name of publisher, distributor, etc. | Oxford University Press, |
| Date of publication, distribution, etc. | c1970. |
| 300 ## - PHYSICAL DESCRIPTION | |
| Pagination | xxiii, 427 p. ; |
| Size | 20 cm. |
| 651 ## - SUBJECT ADDED ENTRY--GEOGRAPHIC NAME | |
| Geographic name | England |
| General subdivision | Young women |
| -- | English fiction |
| -- | Fiction |
| -- | Appreciation |
| 9 (RLIN) | 163996 |
| 700 1# - ADDED ENTRY--PERSONAL NAME | |
| Personal name | Dalziel, Margaret. |
| Personal name | Isles, Duncan |
| 942 ## - ADDED ENTRY ELEMENTS (KOHA) | |
| Source of classification or shelving scheme | Dewey Decimal Classification |
| Koha item type | Books |
| Lost status | Source of classification or shelving scheme | Damaged status | Not for loan | Collection code | Permanent Location | Current Location | Shelving location | Date acquired | Source of acquisition | Cost, normal purchase price | Total Checkouts | Full call number | Date last seen | Copy number | Koha item type |
|---|---|---|---|---|---|---|---|---|---|---|---|---|---|---|---|
| Dewey Decimal Classification | Non-fiction | Central Library, University of Rajshahi | Central Library, University of Rajshahi | 16/06/1975 | Jonthon waren and co. ltd. | 2.50 | 823.0942 LEF 1970 | 13/11/2016 | C-2 | Books |